[Event "Team B15 chess final 2018"]
[Site "Sochi"]
[Date "2018.05.08"]
[Round "7.2"]
[White "Bobkov, Vadim"]
[Black "Smelykh, Edvin"]
[Result "0-1"]
[WhiteElo "1933"]
[BlackElo "1937"]
[PlyCount "104"]
[EventDate "2018.05.01"]
[BlackTeam "Ð¡Ð¨ÐžÐ  "]

1. d4 Nf6 2. c4 e6 3. Nf3 b6 4. g3 Bb7 5. Bg2 Be7 6. O-O O-O 7. d5 Na6 8. Ne1
Nc5 9. Nc3 a5 10. e4 d6 11. Be3 Nfd7 12. b3 Bf6 13. Rc1 Re8 14. a3 exd5 15.
exd5 Ne5 16. Bxc5 bxc5 17. f4 Ng6 18. Nd3 Bc8 19. Nb5 Bd7 20. a4 Bxb5 21. cxb5
Bd4+ 22. Kh1 Qd7 23. Qh5 Re3 24. Rf3 Rae8 25. Rd1 Qd8 26. g4 Rxf3 27. Bxf3 Re3
28. Bg2 Rxd3 29. Rxd3 Nxf4 30. Qf5 Nxd3 31. Qxd3 Qg5 32. Qe2 g6 33. h3 Qc1+ 34.
Bf1 Qf4 35. Bg2 Kg7 36. Qf1 Qe3 37. Qd1 Kf6 38. Qf3+ Ke5 39. Qf1 f5 40. gxf5
gxf5 41. Qd1 Qf2 42. Qc1 Qe3 43. Qxe3+ Bxe3 44. Bf3 Kd4 45. Kg2 Kc3 46. Bd1 Kd2
47. Bh5 Kc2 48. Kf3 Bc1 49. Be8 Kxb3 50. h4 c4 51. Ke2 c3 52. Bd7 c2 0-1

[Event "Team B15 chess final 2018"]
[Site "Sochi"]
[Date "2018.05.08"]
[Round "7.3"]
[White "Fridman, Roman A"]
[Black "Petrovsky, Nikita"]
[Result "1-0"]
[WhiteElo "1735"]
[BlackElo "1880"]
[PlyCount "136"]
[EventDate "2018.05.01"]
[WhiteTeam "Ð¡Ð¨ÐžÐ  "]

1. c4 e6 2. Nf3 d5 3. b3 Nf6 4. Bb2 Be7 5. e3 O-O 6. Be2 c5 7. cxd5 exd5 8. d4
b6 9. O-O Bb7 10. dxc5 bxc5 11. Nc3 Nc6 12. Rc1 Qd7 13. Qd2 Rfd8 14. Rfd1 Rac8
15. Bb5 a6 16. Ne5 Qc7 17. Nxc6 Bxc6 18. Bxa6 Ra8 19. Bf1 Qb7 20. Ra1 d4 21.
exd4 cxd4 22. Ne2 Ne4 23. Qd3 Nc5 24. Qg3 Ne4 25. Qh3 Ng5 26. Qg4 f5 27. Qf4
Ne4 28. Bxd4 Ra5 29. Qe3 Bg5 30. f4 Be7 31. Ng3 Kh8 32. Nxe4 Bxe4 33. Qc3 Raa8
34. Bxg7+ Kg8 35. Bc4+ Bd5 36. Rxd5 Rxd5 37. Rd1 Rad8 38. Rxd5 Rxd5 39. Bxd5+
Qxd5 40. Bd4 Qe4 41. Qd2 Qd5 42. Be3 Qe4 43. h3 Bb4 44. Qd8+ Kf7 45. Qc7+ Kg6
46. Qb6+ Kf7 47. Qc7+ Kg6 48. Qc1 Qd3 49. Kh2 Bc3 50. a3 Bb2 51. Qxb2 Qxe3 52.
g3 h5 53. h4 Qc5 54. b4 Qb5 55. Qa2 Qb6 56. Qc2 Qb5 57. Qa2 Qb6 58. a4 Qxb4 59.
a5 Qb7 60. a6 Qa7 61. Qe6+ Kg7 62. Qa2 Kg6 63. Kh3 Qa8 64. Qe6+ Kg7 65. Qe7+
Kg6 66. Qd6+ Kg7 67. Qc7+ Kg6 68. Qb6+ Kg7 1-0

[Event "Team B15 chess final 2018"]
[Site "Sochi"]
[Date "2018.05.08"]
[Round "7.4"]
[White "Leukhin, Artem"]
[Black "Sukiasian, Anait"]
[Result "1-0"]
[WhiteElo "1656"]
[BlackElo "1721"]
[PlyCount "113"]
[EventDate "2018.05.01"]
[BlackTeam "Ð¡Ð¨ÐžÐ  "]

1. e4 e5 2. Nf3 Nc6 3. Bb5 d6 4. d4 exd4 5. Nxd4 Bd7 6. c4 Nf6 7. Nc3 Be7 8.
O-O O-O 9. Bf4 a6 10. Ba4 Nxd4 11. Bxd7 Nxd7 12. Qxd4 Bf6 13. Qd2 Re8 14. Rfe1
Nc5 15. f3 Ne6 16. Be3 Bg5 17. Rad1 Bxe3+ 18. Qxe3 Qg5 19. Nd5 Qxe3+ 20. Rxe3
Rad8 21. Kf2 c6 22. Nb6 Nc5 23. b4 Nd7 24. Nxd7 Rxd7 25. Red3 Red8 26. a4 Kf8
27. b5 axb5 28. axb5 Ke7 29. Ra3 cxb5 30. cxb5 Rc8 31. Rad3 f6 32. Ke3 Rc5 33.
Rd5 Rxd5 34. Rxd5 Rc7 35. Rd2 Rc5 36. Rb2 Kd7 37. Kd4 Kc7 38. g4 Kb6 39. h4
Rxb5 40. Rxb5+ Kxb5 41. Kd5 Kb4 42. f4 Kc3 43. Kxd6 b5 44. e5 b4 45. e6 b3 46.
e7 b2 47. e8=Q b1=Q 48. Qe3+ Kc4 49. Qc5+ Kb3 50. Qb5+ Ka2 51. Qxb1+ Kxb1 52.
Ke7 Kc2 53. Kf7 Kd3 54. Kxg7 Ke4 55. g5 fxg5 56. fxg5 Kf5 57. Kxh7 1-0

[Event "Team B15 chess final 2018"]
[Site "Sochi"]
[Date "2018.05.08"]
[Round "7.1"]
[White "Kharitonov, Egor"]
[Black "Kuznetsov, Sergey"]
[Result "1-0"]
[WhiteElo "2045"]
[BlackElo "1708"]
[PlyCount "99"]
[EventDate "2018.05.01"]

1. d4 e6 2. Nf3 f5 3. g3 Nf6 4. Bg2 Be7 5. O-O O-O 6. c4 d6 7. Nc3 Ne4 8. Nxe4
fxe4 9. Nd2 d5 10. f3 Bf6 11. e3 exf3 12. Nxf3 Nc6 13. b3 Bd7 14. Ne1 Be8 15.
Ba3 Ne7 16. Nd3 Bf7 17. Qg4 Re8 18. Rxf6 Nf5 19. Rxf7 Kxf7 20. cxd5 Kg8 21. Re1
Qf6 22. dxe6 c6 23. Nf4 Rad8 24. Be4 Nh6 25. Qh4 g5 26. Nh5 gxh4 27. Nxf6+ Kg7
28. Nxe8+ Rxe8 29. e7 Ng8 30. Bf3 Nxe7 31. Bxe7 Rxe7 32. gxh4 Kf6 33. e4 a5 34.
Kf2 c5 35. e5+ Kf5 36. d5 Rxe5 37. Rxe5+ Kxe5 38. Ke3 b5 39. Kd3 Kd6 40. a4 c4+
41. bxc4 b4 42. Kd4 Kc7 43. c5 Kd7 44. d6 h5 45. Kd5 b3 46. c6+ Kd8 47. Be4 b2
48. c7+ Kc8 49. Kc6 b1=B 50. d7# 1-0

[Event "Team B15 chess final 2018"]
[Site "Sochi"]
[Date "2018.05.08"]
[Round "7.2"]
[White "Matushchak, Nikita"]
[Black "Kuzmin, Roman"]
[Result "0-1"]
[WhiteElo "1737"]
[BlackElo "1950"]
[PlyCount "146"]
[EventDate "2018.05.01"]

1. e4 e5 2. Nf3 Nc6 3. d4 exd4 4. Nxd4 Nf6 5. Nxc6 bxc6 6. Bd3 d6 7. O-O g6 8.
Nc3 Bg7 9. Bg5 h6 10. Bh4 O-O 11. f4 Bb7 12. Qe1 Re8 13. Qg3 Qd7 14. Rae1 c5
15. Bxf6 Bxf6 16. f5 g5 17. Qh3 Kg7 18. Nd1 c4 19. Bxc4 Rxe4 20. Rxe4 Bxe4 21.
Ne3 Rh8 22. c3 d5 23. Be2 c5 24. Bf3 Bxf3 25. Qxf3 Rd8 26. Ng4 d4 27. Nxf6 Kxf6
28. Qh5 Rh8 29. h4 Qe8 30. cxd4 cxd4 31. Rd1 Qd8 32. Qg4 d3 33. Qc4 Qb6+ 34.
Kh1 Qxb2 35. Qxd3 Re8 36. Qd6+ Kg7 37. f6+ Qxf6 38. Qxf6+ Kxf6 39. hxg5+ hxg5
40. Rd7 Re7 41. Rd8 Re5 42. Rd7 Ra5 43. Rd2 Ra3 44. Kh2 g4 45. Re2 Kg5 46. g3
f5 47. Rf2 Kf6 48. Re2 Ra4 49. Kg2 Ra5 50. Kh2 Re5 51. Rc2 a5 52. Kg1 Ke6 53.
Kf2 Kd5 54. Rc8 Kd4 55. a3 Kd3 56. Kf1 Kd2 57. Rc4 Kd3 58. Rc8 Rb5 59. Kf2 Kd4
60. Rd8+ Rd5 61. Rc8 Kd3 62. Rc7 Rb5 63. Rd7+ Kc2 64. Ke3 Rb3+ 65. Kf4 Rf3+ 66.
Kg5 Kb3 67. Rd5 a4 68. Kh4 Kxa3 69. Rb5 Ka2 70. Rb4 a3 71. Kg5 Ka1 72. Rb5 Rxg3
73. Kxf5 Rg2 0-1

[Event "Team B15 chess final 2018"]
[Site "Sochi"]
[Date "2018.05.08"]
[Round "7.3"]
[White "Garifullina, Leya"]
[Black "Derevschikov, Nikita"]
[Result "0-1"]
[WhiteElo "2061"]
[BlackElo "1593"]
[PlyCount "106"]
[EventDate "2018.05.01"]

1. d4 g6 2. e4 d6 3. Nc3 Bg7 4. Be3 a6 5. h4 b5 6. h5 Bb7 7. h6 Bf6 8. Nf3 Nd7
9. Qd2 e6 10. a3 c5 11. dxc5 dxc5 12. Bf4 b4 13. axb4 cxb4 14. Na4 Bxe4 15. Bd6
Ne7 16. Bxb4 Nd5 17. Ba5 Qc8 18. c4 Ne7 19. Ng5 Bc6 20. Bc3 e5 21. f3 Bxa4 22.
Rxa4 Nc5 23. Ne4 Nxe4 24. fxe4 Qg4 25. Qe2 Bh4+ 26. Kd1 Qd7+ 27. Kc1 Bg5+ 28.
Kb1 Qxa4 29. Bxe5 Rd8 30. Bxh8 Rd1+ 31. Qxd1 Qxd1+ 32. Ka2 Nc6 33. Bc3 Qa4+ 34.
Kb1 Qd1+ 35. Ka2 Bd2 36. Bxd2 Qxd2 37. Rh3 Nb4+ 38. Kb3 a5 39. Rf3 Qd1+ 40. Ka3
Nc2+ 41. Ka4 Nd4+ 42. Kxa5 Nxf3 43. gxf3 Qxf1 44. c5 Qxf3 45. b4 Qxe4 46. b5
Qa8+ 47. Kb6 f5 48. c6 Qb8+ 49. Ka6 Qc7 50. b6 Qxc6 51. Ka7 f4 52. b7 Qxb7+ 53.
Kxb7 f3 0-1

[Event "Team B15 chess final 2018"]
[Site "Sochi"]
[Date "2018.05.08"]
[Round "7.4"]
[White "Maisakov, Mikhail"]
[Black "Pingin, Artem"]
[Result "0-1"]
[WhiteElo "1561"]
[BlackElo "1972"]
[PlyCount "140"]
[EventDate "2018.05.01"]

1. e4 c5 2. Nf3 d6 3. d4 cxd4 4. Nxd4 Nf6 5. Nc3 a6 6. a4 e6 7. Be2 Be7 8. Be3
O-O 9. O-O Nc6 10. f4 Qc7 11. Bf3 Na5 12. Qc1 Nc4 13. Bf2 e5 14. fxe5 Nxe5 15.
Kh1 Be6 16. Bg3 Nxf3 17. Nxf3 Rae8 18. Rd1 Qc5 19. Qd2 Rd8 20. Qd4 Rfe8 21. Rd2
Bg4 22. Rad1 Qh5 23. Qf2 Bf8 24. e5 Nd7 25. exd6 Nf6 26. Re2 Qa5 27. Rde1 Rxe2
28. Qxe2 Qb4 29. Be5 Re8 30. Qd2 Bxf3 31. gxf3 Nd7 32. Bg3 Rxe1+ 33. Qxe1 Nf6
34. Qd2 Nd7 35. b3 h5 36. Qe3 Nf6 37. Ne4 Nxe4 38. Qxe4 Bxd6 39. Qe8+ Bf8 40.
Qc8 h4 41. Bf2 Qe7 42. Qc4 g5 43. Kg2 Qf6 44. Qd4 h3+ 45. Kxh3 Qxf3+ 46. Bg3
Qf5+ 47. Kg2 Qxc2+ 48. Bf2 Qc6+ 49. Kg1 Qd6 50. Qg4 Qd5 51. Be3 f6 52. h4 Qxb3
53. Kf2 Qc2+ 54. Kg1 Qb1+ 55. Kg2 Qa2+ 56. Kg1 Qd5 57. Qh5 Qe4 58. Kf2 Qxh4+
59. Qxh4 gxh4 60. Kf3 Bd6 61. Kg4 Bg3 62. Bd4 Kf7 63. Kf3 Ke6 64. Bb2 f5 65.
Bd4 Kd5 66. Bg1 Kc4 67. a5 Bc7 68. Ba7 h3 69. Bg1 h2 70. Bxh2 Bxh2 0-1

[Event "Team B15 chess final 2018"]
[Site "Sochi"]
[Date "2018.05.08"]
[Round "7.1"]
[White "Sargsyan, Anatoly"]
[Black "Ril, Evgeny"]
[Result "1/2-1/2"]
[WhiteElo "1650"]
[BlackElo "1754"]
[PlyCount "120"]
[EventDate "2018.05.01"]

1. c4 c5 2. g3 Nc6 3. Nc3 g6 4. Bg2 Bg7 5. e4 d6 6. Nge2 e6 7. O-O Nge7 8. d3
O-O 9. Be3 Nd4 10. Rb1 b6 11. Qd2 Bb7 12. b4 Qd7 13. Bh6 Rac8 14. Bxg7 Kxg7 15.
Nxd4 cxd4 16. Ne2 e5 17. Nc1 f5 18. f3 b5 19. cxb5 Qxb5 20. Ne2 Ba6 21. Rb3 Rc7
22. Ra1 Qa4 23. Qb2 fxe4 24. fxe4 Rfc8 25. Nxd4 exd4 26. Qxd4+ Kg8 27. Bh3 Rc1+
28. Kg2 R8c2+ 29. Kf3 Bc8 30. Bxc8 Nxc8 31. Qd5+ Kg7 32. Rxc1 Rxc1 33. Qd4+ Kg8
34. Qd5+ Kf8 35. Qd4 Qe8 36. Qh8+ Ke7 37. Qxh7+ Qf7+ 38. Qxf7+ Kxf7 39. Rb2 Kf6
40. Ke3 Nb6 41. Kd2 Rh1 42. Ke3 Rc1 43. Kd2 Rh1 44. Ke3 Rc1 45. Kd2 Rc7 46. Ke3
Rc3 47. Rf2+ Ke6 48. Kd2 Ra3 49. Ke3 Ke5 50. Kf3 Rxd3+ 51. Kg4 Kxe4 52. Kg5 Ke3
53. Rf7 Ra3 54. Kxg6 d5 55. h4 d4 56. h5 Rxa2 57. h6 Rg2 58. Rxa7 Rxg3+ 59. Kf7
Rh3 60. Kg6 d3 1/2-1/2

[Event "Team B15 chess final 2018"]
[Site "Sochi"]
[Date "2018.05.08"]
[Round "7.2"]
[White "Tsybulkin, Ivan"]
[Black "Kamaev, Dzhabrail"]
[Result "1-0"]
[WhiteElo "1814"]
[BlackElo "1956"]
[PlyCount "49"]
[EventDate "2018.05.01"]

1. d4 Nf6 2. Bf4 g6 3. Nf3 Bg7 4. e3 O-O 5. Be2 d6 6. h3 Nc6 7. O-O Nd7 8. c4
e5 9. Bh2 f5 10. Nc3 Ne7 11. Ng5 Nb8 12. dxe5 dxe5 13. c5 Qe8 14. Qb3+ Kh8 15.
Bc4 Bf6 16. Nf7+ Kg7 17. Nxe5 Nbc6 18. Nxc6 Qxc6 19. Nb5 Bd7 20. Nxc7 Rac8 21.
Bb5 Qxc5 22. Rac1 Rxc7 23. Rxc5 Rxc5 24. Bxd7 b6 25. Bd6 1-0

[Event "Team B15 chess final 2018"]
[Site "Sochi"]
[Date "2018.05.08"]
[Round "7.3"]
[White "Kalaychev, Nodis"]
[Black "Bratov, Ademir"]
[Result "1/2-1/2"]
[WhiteElo "1525"]
[BlackElo "1627"]
[PlyCount "74"]
[EventDate "2018.05.01"]

1. d4 f5 2. g3 Nf6 3. Bg2 d6 4. Nh3 g6 5. Nf4 e5 6. dxe5 dxe5 7. Qxd8+ Kxd8 8.
Nd5 Nxd5 9. Bxd5 c6 10. Bb3 Na6 11. a3 Nc5 12. Ba2 Be6 13. Bxe6 Nxe6 14. e3 e4
15. Bd2 Bg7 16. Bc3 Bxc3+ 17. Nxc3 Ke7 18. O-O-O Rad8 19. h4 h6 20. Rhg1 Kf6
21. Ne2 g5 22. Rh1 b6 23. Rxd8 Rxd8 24. hxg5+ Kxg5 25. Rh4 a6 26. c3 Nc5 27.
Nf4 Nd3+ 28. Nxd3 Rxd3 29. Kc2 Rd6 30. Rh1 Kg4 31. Rh4+ Kg5 32. Rh1 Kg4 33.
Rh4+ Kg5 34. Rh1 Kg4 35. Rh4+ Kg5 36. Rh1 Kg4 37. Rh4+ Kg5 1/2-1/2

[Event "Team B15 chess final 2018"]
[Site "Sochi"]
[Date "2018.05.08"]
[Round "7.1"]
[White "Kopylov, Artem"]
[Black "Makarian, Rudik"]
[Result "0-1"]
[WhiteElo "1696"]
[BlackElo "2378"]
[PlyCount "134"]
[EventDate "2018.05.01"]

1. d4 Nf6 2. c4 g6 3. Nc3 Bg7 4. e4 d6 5. Nf3 O-O 6. Be2 e5 7. O-O Nc6 8. Be3
exd4 9. Nxd4 Re8 10. f3 Bd7 11. Qd2 a6 12. Rfd1 Rb8 13. Rac1 Nxd4 14. Bxd4 b5
15. Bf2 Qc8 16. cxb5 axb5 17. Rc2 b4 18. Nd5 Nxd5 19. exd5 b3 20. axb3 Bf5 21.
Bd3 Rxb3 22. Bxf5 Qxf5 23. Rdc1 h5 24. Rxc7 Rxb2 25. R7c2 Bh6 26. Rxb2 Bxd2 27.
Rxd2 Kh7 28. Bg3 Qf6 29. Rcd1 h4 30. Bf2 h3 31. Bg3 hxg2 32. Kxg2 Re3 33. Rf2
Rb3 34. Rdd2 Qg5 35. h4 Qf6 36. Rc2 Rd3 37. Rcd2 Rxd2 38. Rxd2 Qc3 39. Re2 Qd3
40. Re7 Qd2+ 41. Bf2 Qxd5 42. Rd7 Qe6 43. Ra7 d5 44. Ra4 Qf5 45. Rg4 Qe5 46.
Bd4 Qe2+ 47. Bf2 f6 48. Rd4 Qe5 49. Rg4 Kg7 50. Ra4 Kf7 51. Rg4 Ke6 52. Bd4
Qe2+ 53. Bf2 Kf5 54. Rd4 Ke5 55. Rg4 Qd2 56. Kg1 f5 57. Rxg6 d4 58. h5 Kf4 59.
h6 Qd1+ 60. Kh2 Qxf3 61. Bg3+ Ke4 62. Re6+ Kd5 63. Rd6+ Kc5 64. Be5 Qe2+ 65.
Kh3 Qxe5 66. Rd7 f4 67. Kg4 Qe6+ 0-1

[Event "Team B15 chess final 2018"]
[Site "Sochi"]
[Date "2018.05.08"]
[Round "7.2"]
[White "Zhuk, Kirill"]
[Black "Kuznetsova, Olga"]
[Result "1-0"]
[WhiteElo "2002"]
[BlackElo "1439"]
[PlyCount "113"]
[EventDate "2018.05.01"]

1. e4 c5 2. Nf3 e6 3. d4 cxd4 4. Nxd4 a6 5. Nc3 Qc7 6. Qf3 Nc6 7. Nxc6 dxc6 8.
Be3 b5 9. O-O-O Bb7 10. Qg3 Qxg3 11. hxg3 Be7 12. f3 Nf6 13. g4 e5 14. Ne2 Rd8
15. Rxd8+ Kxd8 16. Kb1 Kc7 17. Nc1 Nd7 18. Be2 f6 19. Nb3 c5 20. Nd2 c4 21. Nf1
Bc5 22. Kc1 h6 23. Bxc5 Nxc5 24. Ne3 g6 25. c3 Kb6 26. Kc2 a5 27. b3 cxb3+ 28.
axb3 a4 29. b4 Ne6 30. Rd1 Rd8 31. Rxd8 Nxd8 32. c4 bxc4 33. Bxc4 Nc6 34. Nd5+
Ka7 35. Kc3 Nd4 36. Nxf6 a3 37. Nd7 Bc6 38. Nxe5 Be8 39. Kxd4 Bb5 40. Kc3 Bxc4
41. Nxc4 a2 42. Kb2 a1=R 43. Kxa1 h5 44. gxh5 gxh5 45. Kb2 h4 46. Kc3 Kb7 47.
Ne3 Kc8 48. Kc4 Kd7 49. Kd5 Kd8 50. b5 Kc8 51. Kc6 Kd8 52. b6 Kc8 53. Nd5 Kb8
54. Nf6 Kc8 55. b7+ Kb8 56. Kb6 h3 57. Nd7# 1-0

[Event "Team B15 chess final 2018"]
[Site "Sochi"]
[Date "2018.05.08"]
[Round "7.3"]
[White "Kuznetsova, Yulia"]
[Black "Zakirov, Artur"]
[Result "1-0"]
[WhiteElo "1319"]
[BlackElo "1922"]
[PlyCount "61"]
[EventDate "2018.05.01"]

1. e4 e5 2. c4 Nc6 3. Nf3 Bc5 4. Nc3 d6 5. Be2 Bg4 6. Nxe5 Nxe5 7. Bxg4 Qh4 8.
d4 Nxg4 9. g3 Qh3 10. dxc5 Qg2 11. Qxg4 Qxh1+ 12. Ke2 Kf8 13. Nd5 Re8 14. f3
Qg2+ 15. Kd3 Qf1+ 16. Kc3 Qe1+ 17. Kd3 Qd1+ 18. Kc3 Qe1+ 19. Kd3 c6 20. Bf4
Qxa1 21. Bxd6+ Ne7 22. Nxe7 Qd1+ 23. Kc3 Qe1+ 24. Kb3 Qd1+ 25. Ka3 Ra8 26. Nf5+
Ke8 27. Nxg7+ Kd8 28. Qg5+ Kc8 29. Qf5+ Kd8 30. Qf6+ Kc8 31. Qe7 1-0

[Event "Team B15 chess final 2018"]
[Site "Sochi"]
[Date "2018.05.08"]
[Round "7.4"]
[White "Larichev, Prokhor"]
[Black "Komaev, Tamerlan"]
[Result "1-0"]
[WhiteElo "1772"]
[BlackElo "1184"]
[PlyCount "137"]
[EventDate "2018.05.01"]

1. e4 c5 2. Nf3 a6 3. d4 cxd4 4. Nxd4 e5 5. Nf3 Nf6 6. Nc3 Bb4 7. Qd3 Nc6 8.
Bd2 O-O 9. Be2 Qc7 10. O-O b5 11. a3 Be7 12. Rad1 Bb7 13. Be3 Rfd8 14. Nd5 Nxd5
15. exd5 Nd4 16. Nxd4 exd4 17. Qxd4 Bf6 18. Qb6 Qxc2 19. Bd3 Qc8 20. b3 Qb8 21.
Bb1 Be5 22. h3 Re8 23. a4 bxa4 24. bxa4 Bc8 25. Ba2 Qxb6 26. Bxb6 Rb8 27. a5
Bb7 28. Rfe1 Kf8 29. Re3 Rbc8 30. Rde1 d6 31. Bb3 f6 32. Ba4 Re7 33. f4 Bxd5
34. fxe5 Rxe5 35. Rxe5 dxe5 36. Rd1 Be6 37. Rd8+ Rxd8 38. Bxd8 Bc4 39. Kf2 Kf7
40. Bd7 Kg6 41. Ke3 Kg5 42. g3 Kg6 43. Ke4 Bf1 44. Bc8 Bg2+ 45. Ke3 Bf1 46. h4
Kh5 47. Bf5 Bg2 48. Bxh7 Kg4 49. Kf2 Bb7 50. Bg8 Bc8 51. Bc4 Kh3 52. h5 Kg4 53.
Be2+ Kf5 54. Ke3 Bb7 55. Be7 Ke6 56. Bf8 Kf7 57. Bc5 Kg8 58. Bd3 Kf7 59. Bc4+
Ke8 60. Bb4 Bc8 61. Ke4 Bb7+ 62. Kf5 e4 63. Kg6 e3 64. Be2 Bc8 65. Kxg7 Bf5 66.
h6 Be4 67. h7 Bxh7 68. Kxh7 Kd7 69. Kg6 1-0

[Event "Team B15 chess final 2018"]
[Site "Sochi"]
[Date "2018.05.09"]
[Round "8.1"]
[White "Tsoi, Dmitry"]
[Black "Sargsyan, Anatoly"]
[Result "1-0"]
[WhiteElo "2348"]
[BlackElo "1650"]
[PlyCount "123"]
[EventDate "2018.05.01"]

1. Nf3 c5 2. g3 Nc6 3. Bg2 g6 4. c4 Bg7 5. Nc3 e5 6. d3 Nge7 7. O-O d6 8. a3
O-O 9. Rb1 a5 10. Ne1 Be6 11. Nc2 d5 12. cxd5 Nxd5 13. Ne4 b6 14. Ng5 Bc8 15.
Ne3 Nde7 16. b4 axb4 17. axb4 cxb4 18. Bd2 h6 19. Nf3 Be6 20. Bxb4 Nxb4 21.
Rxb4 Nd5 22. Nxd5 Bxd5 23. Nd2 Bxg2 24. Kxg2 Qd5+ 25. Kg1 Rfb8 26. Ne4 Qe6 27.
Qb3 Qxb3 28. Rxb3 f5 29. Nc3 Bf8 30. Nd5 b5 31. Nf6+ Kf7 32. Nd7 Rb7 33. Nxe5+
Kf6 34. d4 Ra4 35. e3 Bd6 36. Nd3 Ke6 37. Rc1 b4 38. Nc5+ Bxc5 39. Rxc5 Kd6 40.
Kg2 Rc7 41. Rb5 Rc2 42. Rb1 Raa2 43. Rf1 Rab2 44. g4 f4 45. exf4 Kc6 46. Re5
Kd6 47. h4 Rd2 48. h5 Rxd4 49. hxg6 Rxf4 50. Rg5 Rf8 51. g7 Rg8 52. Rg6+ Ke7
53. Rh1 Kf7 54. Rhxh6 Rxg7 55. Rxg7+ Kxg7 56. Rb6 b3 57. Kg3 Rb1 58. Kf4 b2 59.
Kf5 Kf7 60. g5 Kg7 61. Rb7+ Kg8 62. Kf6 1-0

[Event "Team B15 chess final 2018"]
[Site "Sochi"]
[Date "2018.05.09"]
[Round "8.2"]
[White "Kamaev, Dzhabrail"]
[Black "Murzin, Volodar"]
[Result "0-1"]
[WhiteElo "1956"]
[BlackElo "2302"]
[PlyCount "74"]
[EventDate "2018.05.01"]

1. e4 c5 2. Nf3 d6 3. c3 Nf6 4. Bd3 g6 5. Bc2 Bg7 6. O-O O-O 7. h3 Nc6 8. a3 c4
9. d4 cxd3 10. Bxd3 h6 11. c4 Nd7 12. Nc3 Nde5 13. Nxe5 dxe5 14. b3 Nd4 15. Ne2
Kh7 16. Be3 b6 17. Bxd4 exd4 18. Ra2 e5 19. f4 Bd7 20. f5 Bf6 21. Kh2 Qe7 22.
Ng3 Bg5 23. Qf3 Bf4 24. Kh1 Qg5 25. Ne2 Be3 26. Raa1 Rg8 27. Qg3 gxf5 28. Qf3
f4 29. Ng1 Qh4 30. Qe2 Bxg1 31. Kxg1 Bxh3 32. Rf2 Bxg2 33. Rxg2 Rxg2+ 34. Kxg2
Rg8+ 35. Kf1 Qh1+ 36. Kf2 Rg2+ 37. Kf3 Qh3# 0-1

[Event "Team B15 chess final 2018"]
[Site "Sochi"]
[Date "2018.05.09"]
[Round "8.3"]
[White "Ter-Saakian, Grigorii"]
[Black "Kalaychev, Nodis"]
[Result "1-0"]
[WhiteElo "2066"]
[BlackElo "1525"]
[PlyCount "61"]
[EventDate "2018.05.01"]

1. Nf3 g6 2. g3 d6 3. Bg2 Bg7 4. O-O Nf6 5. d3 O-O 6. c4 e5 7. Nc3 Nc6 8. Rb1
a5 9. a3 Ne8 10. b4 axb4 11. axb4 f5 12. Bg5 Nf6 13. Nd5 h6 14. Nxf6+ Bxf6 15.
Bxh6 Rf7 16. h4 d5 17. Ng5 Bxg5 18. Bxg5 Qe8 19. cxd5 Ne7 20. Qb3 Kg7 21. Rfc1
Ng8 22. b5 Nf6 23. Rc2 b6 24. d6 Ra7 25. Bxf6+ Kxf6 26. Bd5 Rh7 27. Rbc1 Qd8
28. Rc6 Kg7 29. Qc3 Kf8 30. Qxe5 Ra5 31. Rxc7 1-0

[Event "Team B15 chess final 2018"]
[Site "Sochi"]
[Date "2018.05.09"]
[Round "8.1"]
[White "Mochalin, Faddey"]
[Black "Tsvetkov, Andrey"]
[Result "1/2-1/2"]
[WhiteElo "2077"]
[BlackElo "2216"]
[PlyCount "181"]
[EventDate "2018.05.01"]
[BlackTeam "Ð¡Ð¨ "]

1. e4 c5 2. Nf3 d6 3. d4 cxd4 4. Nxd4 Nf6 5. Nc3 a6 6. h3 e5 7. Nde2 b5 8. Nd5
Nxe4 9. g3 Bb7 10. Bg2 f5 11. g4 Nd7 12. Ng3 Nb6 13. Nxe4 fxe4 14. Bxe4 Nxd5
15. Bxd5 Qc7 16. Be3 Be7 17. c3 Bxd5 18. Qxd5 Rc8 19. O-O Qc4 20. Rfd1 Qxd5 21.
Rxd5 Rc4 22. a4 Rxa4 23. Rxa4 bxa4 24. Ra5 Kd7 25. Rxa6 Rb8 26. Bc1 d5 27. Rxa4
Rb3 28. Kg2 Ke6 29. f3 h6 30. Ra6+ Kf7 31. Ra7 Ke6 32. Kg3 d4 33. cxd4 exd4 34.
Ra5 d3 35. Ra6+ Kf7 36. Kf2 Bb4 37. Ra7+ Ke6 38. Rxg7 d2 39. Bxd2 Bxd2 40. Kg3
Be1+ 41. Kf4 Kf6 42. Rc7 Bd2+ 43. Kg3 Be1+ 44. Kf4 Bd2+ 45. Kg3 Rxb2 46. Rc6+
Ke5 47. Rc5+ Ke6 48. Rc6+ Kd5 49. Rf6 Ke5 50. Rf5+ Ke6 51. Kh4 Rb1 52. Kg3 Be1+
53. Kg2 Rb2+ 54. Kg1 Bg3 55. Rh5 Bf4 56. Rf5 Be3+ 57. Kf1 Rh2 58. f4 Bd4 59.
Rh5 Rf2+ 60. Ke1 Rxf4 61. Rxh6+ Kf7 62. Rh5 Kg6 63. Rf5 Re4+ 64. Kf1 Re3 65.
Kg2 Re2+ 66. Kf3 Rd2 67. Kg3 Bb6 68. Kf3 Rh2 69. Rb5 Bc7 70. Rh5 Ra2 71. Rc5
Ra3+ 72. Ke4 Bh2 73. Rh5 Bc7 74. Rc5 Ra4+ 75. Kf3 Bd8 76. Rh5 Bg5 77. Kg3 Ra8
78. Kf3 Kf6 79. Kg2 Ra2+ 80. Kg3 Ra3+ 81. Kg2 Ra2+ 82. Kg3 Ra3+ 83. Kg2 Ra5 84.
Kf3 Ra8 85. Kg2 Rg8 86. Kf3 Kg6 87. Kg2 Kf6 88. Kf3 Kg6 89. Kg2 Rf8 90. Kg3 Kf6
91. h4 1/2-1/2

[Event "Team B15 chess final 2018"]
[Site "Sochi"]
[Date "2018.05.09"]
[Round "8.2"]
[White "Vasilyev, Alexey"]
[Black "Bobkov, Vadim"]
[Result "0-1"]
[WhiteElo "2074"]
[BlackElo "1933"]
[PlyCount "66"]
[EventDate "2018.05.01"]
[WhiteTeam "Ð¡Ð¨ "]

1. e4 Nc6 2. d4 d5 3. e5 Bf5 4. c3 f6 5. f4 e6 6. Nf3 Qd7 7. Bd3 Nh6 8. Be3 Be7
9. h3 O-O-O 10. b4 Be4 11. O-O f5 12. a4 Rdg8 13. a5 Nf7 14. Ng5 Ncd8 15. b5 h6
16. Nxe4 fxe4 17. Be2 g5 18. f5 exf5 19. Rxf5 h5 20. Rf1 g4 21. h4 Bxh4 22. b6
a6 23. bxc7 Ne6 24. c4 Nxe5 25. dxe5 d4 26. Qb3 dxe3 27. Qxe3 Qd4 28. Qxd4 Nxd4
29. Nc3 e3 30. Rf7 Bf2+ 31. Kh2 g3+ 32. Kh1 Rg4 33. Rf8+ Rxf8 0-1

[Event "Team B15 chess final 2018"]
[Site "Sochi"]
[Date "2018.05.09"]
[Round "8.3"]
[White "Petrovsky, Nikita"]
[Black "Girshgorn, Leonid"]
[Result "0-1"]
[WhiteElo "1880"]
[BlackElo "1886"]
[PlyCount "108"]
[EventDate "2018.05.01"]
[BlackTeam "Ð¡Ð¨ "]

1. e4 c6 2. d4 d5 3. Nd2 dxe4 4. Nxe4 Nf6 5. Nxf6+ exf6 6. c3 Bd6 7. Bd3 O-O 8.
Ne2 Re8 9. Qc2 Kh8 10. h4 c5 11. Be3 cxd4 12. Nxd4 Bg4 13. Kd2 Nc6 14. Nxc6
bxc6 15. Rae1 Qa5 16. a4 Qd5 17. Kc1 Rab8 18. c4 Qa5 19. Bd2 Bb4 20. Bxb4 Qxb4
21. Re4 Rxe4 22. Bxe4 c5 23. Bc6 Bf5 24. Qe2 Bd3 25. Qd2 Qxc4+ 26. Qc3 Qxc3+
27. bxc3 Rb1+ 28. Kd2 Rxh1 29. Kxd3 Rxh4 30. g3 Rh2 31. f3 Kg8 32. Kc4 Rc2 33.
Bb5 Kf8 34. a5 Ke7 35. Kxc5 Rxc3+ 36. Bc4 Kd7 37. Kb5 a6+ 38. Kb4 Rxc4+ 39.
Kxc4 Kc6 40. Kd4 h5 41. Ke4 g6 42. Kd4 Kd6 43. f4 g5 44. Ke4 h4 45. gxh4 gxh4
46. Kf3 f5 47. Kg2 Kd5 48. Kh3 Ke4 49. Kxh4 Kxf4 50. Kh5 Ke4 51. Kg5 f4 52. Kf6
f3 53. Kxf7 f2 54. Ke6 f1=Q 0-1

[Event "Team B15 chess final 2018"]
[Site "Sochi"]
[Date "2018.05.09"]
[Round "8.4"]
[White "Dunaev, Denis"]
[Black "Leukhin, Artem"]
[Result "0-1"]
[WhiteElo "1823"]
[BlackElo "1656"]
[PlyCount "100"]
[EventDate "2018.05.01"]
[WhiteTeam "Ð¡Ð¨ "]

1. d4 d5 2. Bf4 Nf6 3. e3 c5 4. dxc5 Nc6 5. Bb5 e6 6. b4 Bd7 7. c3 a5 8. Qb3 b6
9. Bxc6 Bxc6 10. b5 Bd7 11. c6 Bc8 12. a4 Bd6 13. Bxd6 Qxd6 14. Qa3 Ke7 15. Nf3
Ne4 16. Nbd2 Qxa3 17. Rxa3 Nxd2 18. Kxd2 f6 19. Ke2 e5 20. Nd2 Be6 21. Raa1
Rhd8 22. Rac1 Kd6 23. c4 f5 24. cxd5 Bxd5 25. f3 Kc7 26. Nc4 e4 27. f4 Be6 28.
Nb2 Bf7 29. Nc4 Bh5+ 30. Kf2 Rd3 31. Rc2 Rad8 32. Rhc1 Bd1 33. Ra2 Bb3 34. Re2
Bxa4 35. Nb2 Bd1 36. Nxd1 Rxd1 37. Rxd1 Rxd1 38. Rb2 Rd5 39. Ke2 a4 40. h4 a3
41. Ra2 Rd3 42. g3 h5 43. Rc2 Rb3 44. Kd2 Rxb5 45. Ra2 Rb2+ 46. Rxb2 axb2 47.
Kc2 Kxc6 48. Kxb2 Kc5 49. Kc3 b5 50. Kb3 b4 0-1